00334pam a2200133a 44500008004100000020002700041082001600068100002400084245002800108250001200136260003200148300001100180502000900191230405s2009 xxu||||| |||| 00| 0 eng d a8184486103cRs. 625.50 a610.73bBAS aBasavanthappa, B.T. aFundamentals of Nursing a2nd Ed. aNew DelhibJaypee Pubc2009 a1041 p atext